Normal view
MARC view
- Strachan, T.
Entry Personal Name
001 - CONTROL NUMBER
- control field: 6446
003 - CONTROL NUMBER IDENTIFIER
- control field: NUST
005 - DATE AND TIME OF LATEST TRANSACTION
- control field: 20171116112456.0
008 - FIXED-LENGTH DATA ELEMENTS
- fixed length control field: 171116|| aca||aabn | a|a d
040 ## - CATALOGING SOURCE
- Original cataloging agency: NUST
- Transcribing agency: NUST
100 ## - HEADING--PERSONAL NAME
- Personal name: Strachan, T.
- Title of a work: Human molecular genetics 3.
670 ## - SOURCE DATA FOUND
- Source citation: Work cat.: (NUST)17301: Strachan, T. 6442, Human molecular genetics /, c2011.
